| 000 | 01831nam a22002897a 4500 | ||
|---|---|---|---|
| 001 | 1915 | ||
| 003 | FISKH | ||
| 005 | 20231113142026.0 | ||
| 008 | 231010b cb ||||| |||| 00| 0 khr d | ||
| 020 | _a9789924340256 | ||
| 040 |
_aFISKH _beng _cFISKH _dFISKH |
||
| 082 | _a636.08 | ||
| 100 | _aSovath, Ly | ||
| 245 |
_aស្វែងយល់ពីជំងឺឆ្កែឆ្កួត / _cនិពន្ធដោយ លី សុវត្ថិ ឌីឌីយេ ហ្វុងតឺនិយ (Didier FONTENILLE) |
||
| 260 |
_aPhnom Penh : _bSipar, _c2017. |
||
| 300 |
_a44 pages : _bmap ; color illustrations ; _c20 cm |
||
| 490 | _aខ្ញុំចង់ដឹង | ||
| 505 | _aZ' | ||
| 520 | _aស្វែងយល់អំពីជំងឺឆ្កែឆ្កួត ពន្យល់ជាទូទៅអំពីជំងឺឆ្កែឆ្កួត ដែលមាននៅក្នុងប្រទេសកម្ពុជាតាំងពីយូរយារណាស់មកហើយ។ សៀវភៅនេះបង្ហាញពីទិដ្ឋភាពទូទៅនៃជំងឺឆ្កែឆ្កួត ជំងឺឆ្កែឆ្កួតនៅកម្ពុជា ហានិភ័យ និងដំណោះស្រាយ។ | ||
| 520 | _aGetting to know about Rabies explains generally about Rabies which has existed in Cambodia for long time. This book demonstrates the overview of Rabies, Rabies existence in Cambodia, risk and solution. | ||
| 521 | 8 |
_a1060
_bLexile estimate |
|
| 521 | 8 |
_aZ'
_bRaz-Plus |
|
| 650 |
_aជំងឺឆ្កែឆ្កួត _vឆ្កែ _xការការពារ |
||
| 650 |
_aRabies _vDog _xProtection |
||
| 650 | _aស្វែងយល់ជំងឺឆ្កែឆ្កួត | ||
| 942 |
_2ddc _cKHB _n0 |
||
| 999 |
_c1915 _d1915 |
||